Statistics for UK Cities Map Quiz

Click here to take the quiz!

General Stats

  • This quiz has been taken 336,944 times
  • The average score is 14 of 21

Answers on the Map

Answers color-coded by a green-red scale on the quiz's map according to % correct below.
Loading ...
 

Answer Stats

Answer% Correct
London
92%
Cardiff
79%
Manchester
76%
Glasgow
74%
Liverpool
73%
Belfast
72%
Plymouth
70%
Newcastle
70%
Dover
68%
Edinburgh
68%
Bristol
66%
Birmingham
64%
Oxford
64%
Norwich
62%
Brighton
62%
Londonderry / Derry
62%
Aberdeen
62%
York
56%
Kirkwall
53%
Douglas
51%
Inverness
51%

Score Distribution

Percentile by Number Answered

Percent of People with Each Score

Your Score History

You have not taken this quiz